| 000 | 00539nam a22001697a 4500 | ||
|---|---|---|---|
| 005 | 20251108165258.0 | ||
| 008 | 250721s1986 xx 000 0 ara d | ||
| 082 | 1 | 4 | _a956.462/جود |
| 100 | 1 | _aجودة، صادق أحمد داوود | |
| 245 | 1 | 0 |
_aمدينة الرمله : _bمنذ نشأتها حتى عام 492هـ - 1099م / |
| 264 | 1 |
_aبيروت : _bمؤسسة الرساله، _c1986. |
|
| 300 | _a392ص | ||
| 650 | 1 | 7 | _aتاريخ فلسطين |
| 650 | 1 | 7 | _aالرمله ( مدينه ) |
| 942 |
_2ddc _cBK |
||
| 999 |
_c23974 _d23974 |
||